[Event "Tuimazy-ch Men"]
[Site "Tuimazy"]
[Date "2017.02.06"]
[Round "8"]
[White "Tazetdinov, Munir"]
[Black "Shafikov, Artemy"]
[Result "1-0"]
[WhiteElo "1863"]
[BlackElo "1383"]
[PlyCount "41"]
[EventDate "2017.01.24"]
[EventType "tourn"]
[EventRounds "11"]
[EventCountry "RUS"]
[SourceTitle "EXT 2022"]
[Source "ChessBase"]
[SourceDate "2021.10.06"]
[SourceVersion "1"]
[SourceVersionDate "2021.10.06"]
[SourceQuality "1"]

1. Nf3 d5 2. g3 Nf6 3. Bg2 Nc6 4. c4 Bf5 5. cxd5 Nxd5 6. Nc3 e6 7. Qb3 Ndb4 8. d3 Rb8 9. a3 Nd5 10. e4 Nxc3 11. exf5 Nd5 12. fxe6 fxe6 13. 0-0 Be7 14. Re1 Qd7 15. Bh3 Nd8 16. Nd4 0-0 17. Nxe6 Rf6 18. Nf4 Qd6 19. Nxd5 Rf7 20. Rxe7 Rxe7 21. Nf6+ 1-0

[Event "Tuimazy-ch Men"]
[Site "Tuimazy"]
[Date "2017.02.05"]
[Round "6"]
[White "Lugancev, Viktor"]
[Black "Shafikov, Artemy"]
[Result "1-0"]
[WhiteElo "1683"]
[BlackElo "1383"]
[PlyCount "87"]
[EventDate "2017.01.24"]
[EventType "tourn"]
[EventRounds "11"]
[EventCountry "RUS"]
[SourceTitle "EXT 2022"]
[Source "ChessBase"]
[SourceDate "2021.10.06"]
[SourceVersion "1"]
[SourceVersionDate "2021.10.06"]
[SourceQuality "1"]

1. e4 e6 2. Qe2 Be7 3. d4 d5 4. e5 c5 5. dxc5 Bxc5 6. Qg4 Kf8 7. Nh3 Nc6 8. f4 Qb6 9. c3 d4 10. Bd3 dxc3 11. bxc3 Nge7 12. Nd2 Nd5 13. Ne4 Be3 14. Ba3+ Nce7 15. Rb1 Qa5 16. Rb3 Bd7 17. Ke2 b5 18. Nd6 b4 19. cxb4 Qb6 20. Nc4 Qd4 21. Bb2 Nxf4+ 22. Kf1 Qxd3+ 23. Rxd3 Nxd3 24. Nxe3 Nxb2 25. Qd4 Bb5+ 26. Kf2 Nd3+ 27. Kg3 Ke8 28. a4 Rd8 29. Qxa7 Bc6 30. Rd1 h5 31. Rxd3 Rxd3 32. Nf4 Rxe3+ 33. Kf2 Ra3 34. Qb8+ Kd7 35. Qxh8 Ra2+ 36. Ke1 Bxa4 37. Qb8 Ra1+ 38. Kd2 Rd1+ 39. Ke2 Nc6 40. Qb7+ Ke8 41. Qa8+ Ke7 42. Qxa4 Rc1 43. b5 Rc5 44. Qa3 1-0

[Event "Tuimazy-ch Men"]
[Site "Tuimazy"]
[Date "2017.02.05"]
[Round "7"]
[White "Shafikov, Artemy"]
[Black "Latypov, Ramil"]
[Result "0-1"]
[WhiteElo "1383"]
[BlackElo "1824"]
[PlyCount "90"]
[EventDate "2017.01.24"]
[EventType "tourn"]
[EventRounds "11"]
[EventCountry "RUS"]
[SourceTitle "EXT 2022"]
[Source "ChessBase"]
[SourceDate "2021.10.06"]
[SourceVersion "1"]
[SourceVersionDate "2021.10.06"]
[SourceQuality "1"]

1. e4 c5 2. Nf3 d6 3. d4 cxd4 4. Nxd4 Nf6 5. Nc3 a6 6. Be3 e6 7. Qd2 Be7 8. Bd3 Nc6 9. f3 Bd7 10. Nxc6 Bxc6 11. 0-0-0 d5 12. exd5 Nxd5 13. Nxd5 Bxd5 14. Kb1 0-0 15. h4 Bf6 16. Bg5 h6 17. Bxf6 Qxf6 18. g4 e5 19. Rhg1 Rad8 20. g5 hxg5 21. hxg5 Qf4 22. Qxf4 exf4 23. Rh1 g6 24. Rh6 Bxf3 25. Rf1 Bh5 26. Rxf4 Kg7 27. Rh4 f6 28. R4xh5 gxh5 29. Rh7+ Kg8 30. g6 Rxd3 31. cxd3 f5 32. Rxh5 Kg7 33. Rg5 Kf6 34. Rg1 Rg8 35. Kc2 Rxg6 36. Rxg6+ Kxg6 37. Kd2 Kf6 38. d4 Ke6 39. Ke3 Kd5 40. Kd3 b5 41. b3 f4 42. a4 b4 43. a5 f3 44. Ke3 f2 45. Kxf2 Kxd4 0-1

[Event "Tuimazy-ch Men"]
[Site "Tuimazy"]
[Date "2017.02.02"]
[Round "4"]
[White "Farkhutdinov, Danil"]
[Black "Shafikov, Artemy"]
[Result "0-1"]
[WhiteElo "1416"]
[BlackElo "1383"]
[PlyCount "100"]
[EventDate "2017.01.24"]
[EventType "tourn"]
[EventRounds "11"]
[EventCountry "RUS"]
[SourceTitle "EXT 2022"]
[Source "ChessBase"]
[SourceDate "2021.10.06"]
[SourceVersion "1"]
[SourceVersionDate "2021.10.06"]
[SourceQuality "1"]

1. e4 e6 2. d4 d5 3. e5 c5 4. Nf3 Nc6 5. c3 Qb6 6. Bd3 cxd4 7. cxd4 Nb4 8. Nc3 Bd7 9. 0-0 Ne7 10. a3 Nxd3 11. Qxd3 Nc6 12. Be3 Be7 13. b4 0-0 14. Bg5 h6 15. Bxe7 Nxe7 16. Rfb1 Rac8 17. a4 Rc4 18. b5 Nf5 19. Ne2 Qa5 20. Qb3 Rfc8 21. Rc1 Rxc1+ 22. Rxc1 Rxc1+ 23. Nxc1 Nxd4 24. Qa3 Nxf3+ 25. gxf3 Qe1+ 26. Kg2 Qxe5 27. Nd3 Qg5+ 28. Kf1 e5 29. Qd6 Bh3+ 30. Ke2 e4 31. Ne5 exf3+ 32. Nxf3 Bg4 33. Qb8+ Kh7 34. Qxb7 Qe5+ 35. Kd2 Qf4+ 36. Kc2 Qxa4+ 37. Kb2 Bxf3 38. Qxf7 Qxb5+ 39. Kc3 Qc5+ 40. Kb3 Be4 41. f3 Qe3+ 42. Kb4 Qxf3 43. Qxa7 Qf8+ 44. Kc3 Qc8+ 45. Kd4 Qc2 46. Ke5 Qxh2+ 47. Ke6 Qh3+ 48. Kd6 Qg3+ 49. Ke7 Qg5+ 50. Kf8 Qd8+ 0-1

[Event "Tuimazy Cup Tuimazy-B op"]
[Site "Tuimazy"]
[Date "2016.09.17"]
[Round "2"]
[White "Gabidullin, Vadim"]
[Black "Shafikov, Artemy"]
[Result "0-1"]
[WhiteElo "1494"]
[BlackElo "1405"]
[PlyCount "96"]
[EventDate "2016.09.17"]
[EventType "swiss"]
[EventRounds "7"]
[EventCountry "RUS"]
[SourceTitle "EXT 2022"]
[Source "ChessBase"]
[SourceDate "2021.10.06"]
[SourceVersion "1"]
[SourceVersionDate "2021.10.06"]
[SourceQuality "1"]

1. e4 e6 2. d4 d5 3. e5 c5 4. c3 Nc6 5. Nf3 Qb6 6. Qb3 Qxb3 7. axb3 cxd4 8. cxd4 Bd7 9. Bd2 Nb4 10. Na3 Nc6 11. Bb5 Bxa3 12. bxa3 Nxe5 13. Nxe5 Bxb5 14. a4 Bd7 15. Nxd7 Kxd7 16. 0-0 Nf6 17. f3 Rac8 18. Rac1 Rxc1 19. Rxc1 Rc8 20. Kf2 Rxc1 21. Bxc1 Kc6 22. Ke3 Nd7 23. Kd3 e5 24. Bb2 Kd6 25. Ke3 exd4+ 26. Kxd4 Nc5 27. Ba3 b6 28. a5 Kc6 29. axb6 axb6 30. Kc3 Ne6 31. Bc1 d4+ 32. Kc4 b5+ 33. Kd3 Kd5 34. b4 Nd8 35. Bd2 Nc6 36. f4 Ne7 37. Bc1 Nf5 38. Bb2 h5 39. h3 Ne3 40. Bxd4 Nxg2 41. f5 g6 42. fxg6 fxg6 43. Kc3 Nf4 44. Bf6 Nxh3 45. Kd2 Kc4 46. Be7 g5 47. Ke1 g4 48. Kf1 Nf4 0-1

[Event "Tuimazy-ch U18"]
[Site "Tuimazy"]
[Date "2016.03.12"]
[Round "8"]
[White "Gabdrakhmanov, Kamil"]
[Black "Shafikov, Artemy"]
[Result "1-0"]
[WhiteElo "1356"]
[BlackElo "1284"]
[PlyCount "47"]
[EventDate "2016.03.09"]
[EventType "swiss"]
[EventRounds "9"]
[EventCountry "RUS"]
[SourceTitle "EXT 2022"]
[Source "ChessBase"]
[SourceDate "2021.10.06"]
[SourceVersion "1"]
[SourceVersionDate "2021.10.06"]
[SourceQuality "1"]

1. e4 e6 2. d4 d5 3. exd5 exd5 4. Bd3 Bd6 5. c3 Nf6 6. Bg5 0-0 7. Nf3 Bg4 8. 0-0 c6 9. Nbd2 Nbd7 10. Qc2 Qc7 11. Rfe1 Bxf3 12. Nxf3 Ng4 13. h3 Bh2+ 14. Kh1 Nxf2+ 15. Qxf2 Bg3 16. Qc2 Bxe1 17. Bxh7+ Kh8 18. Rxe1 Rfe8 19. Rxe8+ Rxe8 20. Bd3 Qa5 21. Qf2 Nf8 22. Be7 g6 23. Ne5 Qc7 24. Qf6+ 1-0